Responses for Show #2512 - Tuesday, July 4, 1995

Isaac Segal game 1.

Contestants

[<< previous game]

Steve Zych, an airline agent originally from Vienna, Austria

Isaac Segal, an advertising creative director from Cherry Hill, New Jersey

Tom Pope, a special effects animator from Burbank, California

[next game >>]

Jeopardy! Round responses

FAMOUS TEXANS
THE EMMYS
TRANSPORTATION
BENJAMIN FRANKLIN
MONEY
"L"s ON THE MAP
    $100 12
Lyndon Baines Johnson

Steve
    $100 18
Cheers

Tom
    $100 7
chariots

Isaac
    $100 2
fires

Tom
    $100 23
a Deutsche Mark

Steve
    $100 1
(Alex: Tom, you won the toss, so you select first.)

Liverpool

Isaac
    $200 13
(Alex: Tom, before you make your next selection, uh, we have a change in scoring to announce. We've been having some problems with our scorekeeping equipment, so let's get them right. We have two changes to make. We'll put them up right now...)
[Isaac's score drops from $2,000 to $1,700, and Steve's score jumps from $200 to $500.]
(Alex: There we are, the scores are correct...)

Heloise

Tom
    $200 19
Roots

Isaac
    $200 8
ladder

Isaac
    $200 3
the Masons

Isaac
    $200 24
(Isaac: What are Eisenhower dollars?)

Kennedy half-dollars

TomIsaac
    $200 14
Lexington

Tom
    $300 20
(Steve: Who is Larry McMurty?)
(Alex: Right--no!)

Larry McMurtry

IsaacSteve
    $300 28
Lindsay Wagner

Isaac
    $300 9
(Tom: What is the Cumberland Route?)
(Isaac: What is the Cumberland Trail?)
(Steve: What is the Cumberland Gap?)
...
(Alex: No harm, no foul on that one: you each lost the same amount of money.)
[Actually, their podium score displays each lose different amounts of money! When Isaac is ruled wrong, $300 is deducted from Steve's total, so Isaac loses $0 and Steve loses $600. The game is interrupted to correct the scoring problem after clue 13; notably, this is after the Daily Double.]

the Wilderness Road

TomIsaacSteve
Triple Stumper
    $300 4
slavery

Steve
    $300 25
a dong

Tom
    $300 15
Lhasa

Steve
    $400 21
(Gail) Borden

Tom
    $400 29
Columbo

Tom
    $400 10
the (Atchison, Topeka and) Santa Fe Railway

Isaac
    $400 5
France

Steve
    $400 26
a drachma

Isaac
    $400 16
La Paz

Tom
    $500 22
Sam Rayburn

Isaac
    $500 30
Bob Fosse

Isaac
    $500 11
[Isaac tries to ring in, and wonders why he isn't being recognized.]
(Alex: You don't have to ring in, Isaac.)

the Platte

Isaac
    $500 6
New Jersey

Isaac
    $500 27
Denmark

Isaac
    $500 17
Leipzig

Triple Stumper

Scores at the first commercial break (after clue 15):

Tom Isaac Steve
$200 $1,700 $800

Scores at the end of the Jeopardy! Round:

Tom Isaac Steve
$2,000 $4,200 $600

Double Jeopardy! Round responses

HISTORY
ARCHITECTURE
COMPOSERS
PLACE NAME ORIGINS
TREES
WOMEN AUTHORS
    $200 6
China

Isaac
    $200 11
Boston

Tom
    $200 1
Handel

Isaac
    $200 20
Bonn

Isaac
    $200 25
carob

Isaac
    $200 16
Margaret Mitchell

Isaac
    $400 7
the American embassy

Isaac
    $400 12
Helsinki

Tom
    $400 2
Benjamin Britten

Isaac
    $400 21
forts

Triple Stumper
    $400 26
pine

Isaac
    $400 17
Princeton

Isaac
    $600 8
Gladstone

Isaac
    $600 13
Frank Lloyd Wright

Tom
    $600 3
Dvorák

Isaac
    $2,000 22
(Alex: Looks like David Siegel was an inspiration. You've got $11,800.)
(Isaac: He didn't use up all the "Segal" luck.)
(Alex: Aha. Go again.)

Lake Baikal

Isaac
    $600 28
(Isaac: What is the gingko?)
(Steve: What is the cherry blossom?)

the cherry

TomIsaacSteve
    $600 15
(Tom: Who is Helen Gurley Brown?)

Gloria Steinem

TomIsaac
    $800 9
(Steve: What is the Raj?)

the Mughals

TomSteve
    $800 14
Gothic

Steve
    $800 4
Franz Schubert

Steve
    $800 23
(Isaac: What is Brussels?)

Antwerp

Isaac
Triple Stumper
    $2,500 27
(Isaac: What is weeping willow?)

the rubber tree

Isaac
    $800 18
George Sand

Isaac
    $1000 10
the Peloponnesian War

Tom
    $1000 29
(Tom: What is the "cupula"?)
(Isaac: What is the tablature?)

an abacus

TomIsaac
Triple Stumper
    $1000 5
Tchaikovsky

Isaac
    $1000 24
Beaufort

Isaac
    $1000 30
the Joshua tree

Tom
    $1000 19
Edna St. Vincent Millay

Triple Stumper

Scores at the end of the Double Jeopardy! Round:

Tom Isaac Steve
$5,000 $8,500 $800

[wagering suggestions for these scores]

Final Jeopardy! Round responses

THE DECLARATION OF INDEPENDENCE
SteveWhat is our lives?
$799
TomWhat is to defend?
$4,000
IsaacWhat is "sacred honor"?
$1,501
(1 of) our lives, our fortunes, & our sacred honor

Final scores:

Tom Isaac Steve
$1,000 $10,001 $1,599
3rd place: a Vuarnet "Squaw Peak Chronograph" watch+Jeopardy! '92 home game New champion: $10,001+Jeopardy! '92 home game 2nd place: a trip to Key Biscayne+Jeopardy! '92 home game

Game dynamics:

Coryat scores:

Tom Isaac Steve
$5,000 $9,600 $800
16 R,
3 W
30 R
(including 2 DDs),
6 W
(including 1 DD)
7 R,
4 W

Combined Coryat: $15,400

[game clues] [game scores] [suggest correction]

Game tape date: 1995-02-15
The J! Archive is created by fans, for fans. Scraping, republication, monetization, and malicious use prohibited; this site may use cookies and collect identifying information. See terms. The Jeopardy! game show and all elements thereof, including but not limited to copyright and trademark thereto, are the property of Jeopardy Productions, Inc. and are protected under law. This website is not affiliated with, sponsored by, or operated by Jeopardy Productions, Inc. Join the discussion at JBoard.tv.